| 000 | 00560nam a22002057a 4500 | ||
|---|---|---|---|
| 999 |
_c48244 _d48244 |
||
| 001 | 2236987 | ||
| 003 | Nust | ||
| 005 | 20180702044327.0 | ||
| 008 | 170112b xxu||||| |||| 00| 0 eng d | ||
| 020 |
_a8184080735 _cRs. 514 |
||
| 038 | _aArshad | ||
| 040 | _aNUST- Fiction | ||
| 082 |
_a809 _bHAM |
||
| 100 |
_aHammerton, J.A. _911336 |
||
| 245 |
_a53 French masters: _bfrom Alfred Capus and the younger generation / _cJ.A. Hammerton |
||
| 260 |
_aNew Delhi: _bIndia publishing house, |
||
| 300 | _a404p. | ||
| 650 |
_aShort stories _91396 |
||
| 942 |
_2ddc _cBK |
||